| 000 -LEADER |
| fixed length control field |
00762nam a22001577a 4500 |
| 003 - CONTROL NUMBER IDENTIFIER |
| control field |
OSt |
| 005 - DATE AND TIME OF LATEST TRANSACTION |
| control field |
20150927164841.0 |
| 008 - FIXED-LENGTH DATA ELEMENTS--GENERAL INFORMATION |
| fixed length control field |
150927b xxu||||| |||| 00| 0 eng d |
| 040 ## - CATALOGING SOURCE |
| Transcribing agency |
RUA |
| 082 ## - DEWEY DECIMAL CLASSIFICATION NUMBER |
| Classification number |
AGR LIM 2011 B050 Or.1 |
| 100 ## - MAIN ENTRY--PERSONAL NAME |
| 9 (RLIN) |
1460 |
| Personal name |
LIM, SREYMOM |
| 245 ## - TITLE STATEMENT |
| Title |
Effect of weeds control techniques on ir 66 in early wet season in chukiri district, kampot province, ឥទ្អិពលបច្ចេកទសគ្រប់គ្រងស្មៅទៅលើពូជស្រូវអ៊ីអ៊ែរ៦៦ក្នុងលក្ខខណ្ឌដើមរដូវរស្សានៅស្រុកជុំគីរី ខេត្តកំពត |
| 260 ## - PUBLICATION, DISTRIBUTION, ETC. (IMPRINT) |
| Place of publication, distribution, etc. |
Phnom Penh |
| Name of publisher, distributor, etc. |
RUA |
| Date of publication, distribution, etc. |
2011 |
| 300 ## - PHYSICAL DESCRIPTION |
| Extent |
xiii, 48p. |
| Other physical details |
ill. |
| Dimensions |
29cm. |
| 942 ## - ADDED ENTRY ELEMENTS (KOHA) |
| Source of classification or shelving scheme |
|
| Koha item type |
AGR |